ბათუმის შოთა რუსთაველის სახელმწიფო უნივერსიტეტის ბიბლიოთეკა

ტკივილი (ბიბ.ჩანაწერი № 49143)

000 -LEADER
fixed length control field 01601nam a2200241Ia 4500
001 - CONTROL NUMBER
control field 16053
003 - CONTROL NUMBER IDENTIFIER
control field GE_BSU
008 - FIXED-LENGTH DATA ELEMENTS--GENERAL INFORMATION
fixed length control field 181216s||||||||xx |||||||||||||| ||und||
040 ## - CATALOGING SOURCE
Transcribing agency GE_BSU
080 ## - UNIVERSAL DECIMAL CLASSIFICATION NUMBER
Universal Decimal Classification number 821.353.1-1
100 ## - MAIN ENTRY--PERSONAL NAME
Personal name ჯინჯიხაძე, ჯემალ
245 ## - TITLE STATEMENT
Title ტკივილი
245 ## - TITLE STATEMENT
Remainder of title ლექსები
245 ## - TITLE STATEMENT
Statement of responsibility, etc. რედ. ოთარ მიქიაშვილი
260 ## - PUBLICATION, DISTRIBUTION, ETC.
Place of publication, distribution, etc. თბილისი
260 ## - PUBLICATION, DISTRIBUTION, ETC.
Name of publisher, distributor, etc. ეგრისი
260 ## - PUBLICATION, DISTRIBUTION, ETC.
Date of publication, distribution, etc. 1996
300 ## - PHYSICAL DESCRIPTION
Extent 272 გვ.21 სმ.
300 ## - PHYSICAL DESCRIPTION
Accompanying material შენიშვნები: გვ. 255-258
653 ## - INDEX TERM--UNCONTROLLED
Uncontrolled term ვხედავ მაგ სახის სატანურ ხაზებს; ***გაშალა ნათელმა წინამო; ცას შევხაროდი; კრთოდა სოფელი; ფერთა ტალღაში; ***ვიცი ბრძოლით; მზეში შევალ!; მოვალ, ცაო!; ***ბედნიერი ვარ; მიჭირავს პეშვით; ხილვა [და სხვ.]
653 ## - INDEX TERM--UNCONTROLLED
Uncontrolled term მოდის სიბერე; იქმნა ნათელი; თეთრი ქრიზანთემები; ***წვიმს; განთიადის დედოფალი; ***ცათა ჰაერთა; ცეცხლის გრძნეული სახმილით მკლავდა; იმედები გზაშია; ***წარსულთა გრძნების; ქარი ქაფარი;
942 ## - ADDED ENTRY ELEMENTS (KOHA)
Koha item type წიგნი
ეგზემპლარები
Withdrawn status Lost status Damaged status Not for loan Date acquired Barcode Date last seen Price effective from Koha item type
        2018-12-17 39770 2018-12-17 2018-12-17 წიგნი